Kpop songs from my +400 songs playlist on shuffle - Statistics

General Stats
  • This quiz has been taken 2,020 times
  • The average score is 120 of 200
Answer Stats
Song Artist % Correct
All in | Any | Back door | +22 others Stray kids
99%
Cypher pt. 3 | Euphoria | Filter | +8 others BTS
97%
Cheer up ♡ Twice
95%
I can't stop me | Like ooh-ahh | Love foolish TWICE
95%
Black mamba | Next level aespa
94%
As if it's your last Blackpink
91%
Call me baby | Don't fight the feeling | Going crazy | +8 others EXO
90%
Bad boy | Bae bae | Bang bang bang | +4 others BIGBANG
88%
Dalla dalla ITZY
86%
Adore U | Left & right Seventeen
86%
Baby don't like it | Cherry bomb | Fire truck | +5 others NCT 127
83%
Don't call me | Lucifer | Ring ding dong | Tell me what to do Shinee
82%
Fireworks (I'm the one) | Hala hala | Mist | +2 others ATEEZ
79%
La vie en rose | Secret story of the swan IZONE
79%
Crown TXT
76%
119 | Diggity NCT DREAM
74%
Hann (alone) GIDLE
73%
Dingga | Wanna be myself Mamamoo
72%
Breath | Just right | Not by the moon | You calling my name GOT7
71%
90's love | BOSS | From home NCT U
71%
Jopping | No manners | One (Monster & Infinity) | Tiger inside SUPERM
66%
All in ♡ | Follow | Love killa | +3 others MONSTA X
64%
Mr. Simple Super junior
64%
Daechwita | The last AgustD
63%
Gashina | pporappippam Sunmi
63%
Celebrity | eight IU
62%
Mago GFRIEND
61%
Miniskirt AOA
60%
Hello bitches CL
58%
My house 2PM
57%
Tell me Wonder girls
53%
Bubble pop! Hyuna
52%
BAAM Momoland
52%
Come back home 2NE1
49%
I love you | MMM Treasure
49%
Electric shock f(x)
48%
Killing me IKON
48%
After school Weeekly
48%
You were beautiful ♡ | Zombie DAY6
47%
So bad STAYC
43%
Bad alive WAYV
41%
Candy | UN Village Baekhyun
40%
Gunshot | Red moon KARD
40%
Daisy | Dr. Bebe Pentagon
39%
Chained up | Voodoo doll VIXX
38%
Her BlockB
37%
NalinA Block B
37%
Press your number Taemin
37%
Ponzona Purple kiss
33%
Good guy | Summer breeze | Tear drop SF9
33%
Flash | Move X1
33%
Abracadabra Brown eyed girls
32%
WOW BTOB
32%
A song written easily | LIT ONEUS
32%
Fiction | Ribbon Beast
31%
Devil CLC
31%
Ice age MCND
31%
Knock Astro
29%
Red ♡ | She's in the rain ♡ The rose
28%
Daydream JHope
26%
Monster Irene & Seulgi
25%
Resonance NCT 2020
25%
Wee woo Pristin
23%
What I said VICTON
23%
Bad INFINITE
22%
Breathe | Salute AB6IX
21%
Goblin (favorite boys) | Savage ACE
20%
Hands up | Honeymoon ♡ | One shot ♡ BAP
20%
Hands up Cherry bullet
18%
Dazzle dazzle Weki Meki
18%
Oh! My mistake ♡ APRIL
17%
Excalibur Kingdom
15%
Lose | Open mind Wonho
14%
I will show you Ailee
12%
Lay back | Thunder Verivery
12%
Burn | God damn | Howlin' ♡ IM
11%
Rocking Teen Top
11%
EOEO UNIQ
11%
We must love ONF
9%
Holup! Bobby
8%
Super fly 24K
7%
What a life EXO SC
7%
Magnolia TOO
7%
Zero for conduct ♡ Bastarz
5%
Let's love | Starry night Suho
5%
Queen History
4%
Make this 1team
3%
Call your name ♡ JBJ
3%
Full house ♡ MOBB
3%
All or nothing WEI
3%
Color eye ♡ Park Woojin
2%
Hikkikomori Bang Yongguk
1%
No matching quizzes found
Score Distribution
Percent of People with Each Score
Percentile by Number Answered
Your Score History
You have not taken this quiz